| 000 | 01196nam a2200205Ia 4500 | ||
|---|---|---|---|
| 005 | 20250305171059.0 | ||
| 008 | 240821s9999 xx 000 0 und d | ||
| 020 |
_a9781350197039 _qpbk |
||
| 041 | _aeng | ||
| 082 |
_a281.949809042 _bCLA |
||
| 100 | _aClark, Roland | ||
| 245 | 0 |
_aSectarianism and renewal In 1920s romania _c/ Roland Clark _bthe limits of orthodoxy and nation-building |
|
| 250 | _a1st ed. | ||
| 260 |
_bBloomsbury Publishing _cc2021 _aUSA |
||
| 300 |
_a222 p. _c23 cm. |
||
| 504 | _aBib and Ref | ||
| 520 | _aThe Romanian Orthodox Church expanded significantly after the First World War, yet Protestant Repenter and schismatic Orthodox movements such as Old Calendarism also grew exponentially during this period, terrifying church leaders who responded by sending missionary priests into the villages to combat sectarianism. Several lay renewal movements such as the Lord's Army and the Stork's Nest also appeared within the Orthodox Church, implicating large numbers of peasants and workers in tight-knit religious communities operating at the margins of Eastern Orthodoxy. | ||
| 650 | _aChristian sects; Romania; Romania Religious life and customs | ||
| 942 | _cENGLISH | ||
| 999 |
_c523982 _d523982 |
||